01039nab a22002057a 4500003000400000005001700004008004100021040000700062100002600069245012000095260007300215300001200288500004500300505020000345505008900545650002700634650001700661650001500678773014000693OSt20251113131553.0190604e xxu||||| |||| 00| 0 spa d cPJ aPravato, Luis Emilio 13aNacionalidad y ciudadanía :bbreves reflexiones sobre la vigencia de la antigua ley 346 / cLuis Emilio Pravato. aCiudad Autónoma de Buenos Aires :bThomson Reuters La Ley, c2025. ap. 5-15 aCita Online: TR LALEY AR/DOC/1501/2025.  tSumario: Introducción.— II. El pensamiento de Alberdi.— III. La reforma constitucional de 1860.— IV. La ley 346.— V. La nacionalidad de la mujer casada.— VI. A modo de conclusión.  t¿Te interesa el texto completo? Solicitalo al correo: koha@justierradelfuego.gov.ar 0aDERECHO CONSTITUCIONAL 0aNACIONALIDAD 0aCIUDADANIA0 02714dCiudad Autónoma de Buenos Aires : Thomson Reuters La Ley, 2014-tRevista anales de legislación argentina. Nº 7 - Julio 2025.